|
|
|
|
| LEADER |
00000nam0a2200000 4500 |
| 001 |
3435 |
| 005 |
20231030174549.0 |
| 010 |
|
|
|a 5745900768
|
| 035 |
|
|
|a (RuTPU)RU\TPU\book\3454
|
| 035 |
|
|
|a BOOK00003462
|
| 090 |
|
|
|a 3435
|
| 100 |
|
|
|a 20011209d1997 m y0rusy50 ca
|
| 101 |
0 |
|
|a rus
|
| 102 |
|
|
|a RU
|
| 105 |
|
|
|a y j 000zy
|
| 200 |
1 |
|
|a Сборник задач по математике для поступающих во втузы
|e Книга для ученика и учителя
|f Под ред. М. И. Сканави
|
| 205 |
|
|
|a 6-е изд., испр. и доп.
|
| 210 |
|
|
|a Москва
|c Столетие
|d 1997
|
| 215 |
|
|
|a 560 с.
|
| 610 |
1 |
|
|a математика
|
| 610 |
1 |
|
|a задачи
|
| 610 |
1 |
|
|a учебные пособия
|
| 675 |
|
|
|a 51(076)
|v 3
|
| 702 |
|
1 |
|a Сканави
|b М. И.
|4 340
|
| 801 |
|
0 |
|a RU
|b 63413507
|c 20011209
|g PSBO
|
| 801 |
|
2 |
|a RU
|b 63413507
|c 20070124
|g PSBO
|
| 942 |
|
|
|c BK
|